| 000 | 00763nam a2200229 i 4500 | ||
|---|---|---|---|
| 001 | 175631 | ||
| 003 | ES-MaACL | ||
| 005 | 20250830050122.0 | ||
| 007 | t| | ||
| 008 | 101112s1977 sp r ||||1| spa d | ||
| 020 | _a84-220-0814-9 | ||
| 080 | _a27-58 | ||
| 100 | 0 |
_aRoyo Marín, Antonio. _9100232 |
|
| 245 | 1 | 0 |
_aSomos hijos de Dios _b: misterio de la divina gracia / _cpor Antonio Royo Marín. |
| 260 |
_aMadrid : _bLa Editorial Católica, _c1977. |
||
| 300 |
_aX, 214 p. ; _c18 cm. |
||
| 490 | 1 |
_aBiblioteca de autores cristianos. Serie Minor ; _v45 |
|
| 650 | 0 | 7 |
_aGracia (Teología) _2embne _913150 |
| 830 | 0 | 0 |
_aBiblioteca de autores cristianos. _pMinor _v45 _9189814 |
| 852 |
_aES-MaACL _jE-13508 _xOlim P-1255 |
||
| 999 |
_c175631 _d175631 |
||